000 00502nam a2200157 i 4500
001 56766
003 ES-MaACL
005 20230906163435.0
007 t|
008 031013s1962 sp ||||1| spa d
110 2 _aAlmería (Provincia).
_bDiputación.
_91339
245 1 0 _aPresupuesto ordinario del ejercicio de 1962 /
_cDiputación Provincial de Almería.
260 _a[S.l. :
_bs.n.,
_c1962] (
_eAlmería :
_fImp. La Crónica)
300 _a111 p. ;
_c24 cm.
852 _aES-MaACL
_jC-24439
_bR.50770
999 _c56766
_d56766